Apps- SUDDEN DEATH - Statistics

General Stats
  • This quiz has been taken 76 times
  • The average score is 5 of 6
Answers on the Grid
Answers color-coded by a green-red scale on the quiz's grid according to % correct below.
Yutube
FaceBook
YouTube
FaseBook
Amazon
ChatGPT
Amazon
ChatGTP
Lego Life
 
Answer Stats
Answer % Correct
YouTube
95%
FaceBook
92%
Amazon
86%
Amazon
86%
ChatGPT
86%
Lego Life
78%
No matching quizzes found
Score Distribution
Percent of People with Each Score
Percentile by Number Answered
Your Score History
You have not taken this quiz